| 000 | 01138nam a22001937a 4500 | ||
|---|---|---|---|
| 005 | 20260127145450.0 | ||
| 008 | 230715b ||||| |||| 00| 0 eng d | ||
| 040 |
_cSSBUL _dSSBUL |
||
| 082 |
_223 _a၈၉၅.၈၁ မြန် ၁၆၀၁၉ (S-SAT) |
||
| 245 |
_aမြန်မာကဗျာစာတမ်းများ / _cဦးတင်မောင်ဌေး၊ ဒေါ်မြမြသန်း၊ တင်မိုး၊ သူရဇော်၊ မြဇင်..နှင့်အခြား။ |
||
| 260 |
_aရန်ကုန်၊ _bစာပေဗိမာန်၊ _c၁၉၈၃။ |
||
| 300 |
_a၁၉၆ စာမျက်နှာ၊ _c၂၂ စင်တီ။ |
||
| 440 |
_aစာပေဗိမာန်ထုတ် ပြည်သူ့လက်စွဲစာစဉ်။ _927865 |
||
| 500 | _aS-SAT: Dr. Prof Sai Aung Tun | ||
| 650 |
_aမြန်မာကဗျာ _xသမိုင်းနှင့် ဝေဖန်ရေး။ _928052 |
||
| 650 |
_aမြန်မာစာပေ _xကဗျာ။ _928053 |
||
| 700 |
_aတင်မောင်ဌေး၊ _cဦး။ _928054 |
||
| 942 |
_2ddc _cBK1 |
||
| 999 |
_c27251 _d27251 |
||